Materiales para la clase de Religión en Bachillerato
Saved in:
| Main Authors: | , |
|---|---|
| Format: | Bog |
| Sprog: | spansk |
| Udgivet: |
Madrid
CCS
2002
|
| Udgivelse: | 2a. ed |
| Serier: | Recursos de Pastoral, 28
|
| Fag: | |
| Tags: |
Tilføj Tag
Ingen Tags, Vær først til at tagge denne postø!
|
MARC
| LEADER | 00000cam a2200000 a 4500 | ||
|---|---|---|---|
| 001 | UCK2320 | ||
| 003 | CL-VaPUC | ||
| 008 | 041229e20020900SP |||||||||||||||||spa|d | ||
| 020 | |a 8483164566 | ||
| 082 | 0 | 4 | |a 268.433 |b TOR |2 21 |
| 100 | 0 | |a Torres Merchán, Miguel Angel |e author |9 490182 | |
| 700 | 0 | |a Méndez Rayón, José Luis |e author |9 490183 | |
| 245 | 1 | 0 | |a Materiales para la clase de Religión en Bachillerato |
| 250 | |a 2a. ed | ||
| 300 | |a 135 p | ||
| 942 | |c BK | ||
| 945 | |d 20041229 00:00:00 |a cmena | ||
| 260 | |a Madrid |b CCS |c 2002 | ||
| 650 | 0 | |a Educación religiosa |9 308312 | |
| 650 | 0 | |a Métodos de enseñanza |9 270413 | |
| 650 | 0 | |a Educación superior |9 223851 | |
| 650 | 7 | |a MATERIAL Y EQUIPO DIDACTICOS |2 CL-VaPUC |9 309109 | |
| 583 | |a last modification |c 20131028 04:13:02 |k Rodrigo Vera | ||
| 490 | 0 | |a Recursos de Pastoral, 28 | |
| 999 | |c 311902 |d 311900 | ||
| 952 | |0 0 |1 1 |2 ddc |4 0 |6 268_433000000000000_TOR_2002 |7 0 |8 A |9 381621 |a BIBTEO |b BIBTEO |d 2019-11-21 |i 4084780 |o 268.433 TOR 2002 |p 4084780 |r 2019-11-21 |w 2019-11-21 |y BK |k ICR | ||
| 952 | |0 0 |1 0 |3 erb |4 0 |6 268_433000000000000_TOR_2002 |7 0 |8 A |9 381622 |a BIBTEO |b BIBTEO |i 5026377 |o 268.433 TOR 2002 |p 5026377 |r 2025-01-17 |w 2019-11-21 |y BK |z Catalogado en:20131220 |k ICR | ||